| 000 | 00524 a2200181 4500 | ||
|---|---|---|---|
| 001 | 134482 | ||
| 020 | _a85-06-03400-0 | ||
| 040 | _cLeonardo Da Vinci | ||
| 041 | _aPortuguês | ||
| 082 |
_ar423 M569m _bM569m |
||
| 245 |
_aMICHAELIS _bdicionário escolar inglês; inglês-português; português-inglês |
||
| 250 | _a11.ed | ||
| 260 |
_bMelhoramentos _c2008 _aSão Paulo |
||
| 300 | _a841 | ||
| 362 | _a20080000 | ||
| 697 |
_aDicionário _aReferência _aPortuguês - inglês _aInglês - português _aIdiomas |
||
| 942 | _cBK | ||
| 999 |
_c134482 _d134482 |
||